000 00242nam a2200097Ia 4500
001 974966
005 20250826220639.0
008 250824s9999 xx 000 0 und d
245 0 _aAŞKIN İSTİLASI YOL
_cMETİN HARA
260 _bDESTEK YAYINLARI
999 _c974966
_d974966